Statistics for Countries in FIBA World Cup 2002

Click here to take the quiz!

General Stats

  • This quiz has been taken 10 times
  • The average score is 13 of 16

Answer Stats

RankCountry% Correct
Runners-Up (2nd Place)Argentina
100%
8th PlaceBrazil
100%
12th PlaceChina
100%
3rd PlaceGermany
100%
10th PlaceRussia
100%
5th PlaceSpain
100%
Host (6th Place)United States
100%
11th PlaceAngola
88%
13th PlaceCanada
75%
4th PlaceNew Zealand
75%
14th PlaceVenezuela
75%
7th PlacePuerto Rico
63%
Champions (1st Place)Yugoslavia
63%
15th PlaceAlgeria
50%
9th PlaceTurkey
50%
16th PlaceLebanon
38%

Score Distribution

Percentile by Number Answered

Percent of People with Each Score

Your Score History

You have not taken this quiz